000 00581nam a2200205 i 4500
001 C2-0281082
003 PPAK
005 20180728011815.0
008 070801s2000 my |||| ||||| | may d
040 _aPPAK
_beng
_cPPAK
_erda
082 0 4 _a320
_223
090 0 0 _a320
_bPOL
_dKK
245 0 0 _aPolitik (Keratan Akhbar Koleksi Kedah)
264 1 _aAlor Setar, Kedah :
_bPerbadanan Perpustakaan Awam Kedah ,
_c2000 (Jan - April)
300 _a131 pages ;
_c33 cm
336 _2rdacontent
_atext
337 _2rdamedia
_aunmediated
338 _2rdacarrier
_avolume
942 _ddc
_cB
999 _c87503
_d87503